00350 2200145 4500001002100000005001500021035002000036245003900056100002000095300002400115260002900139082000600168084001200174020001800186INLIS00000000000022520221114042140 a0010-11220000031 aIvanna Van Dijk /cRaisa Saraswati0 aRaisa Saraswati ax+214 hlm ;c20 cm. aJakarta :bBukune,c2018 aF aF RAI i a9786022202752